000 00996nam0a2200265 4500
001 RU\NLR\BIBL_A\010505870
005 20260407070840.0
035 _a(NLR Aleph) 010505870
090 _a10156123
_c10156123
100 _a20141021d1946 |||y0rusy50 ca
101 0 _asah
102 _aRU
105 _aa z 000yy
200 1 _aБиһиги дойдубут
_fН. Н. Михайлов
210 _aЯкутскай
_cСАССР Госиздата
_d1946
215 _a126,[3] с.
_cил.
_d20
541 1 _aНаша страна
_zrus
607 _aСССР
_xЭкономическая география
_91985569
_3RU\NLR\AUTH\66911210
686 1 _aУ04(2)
700 1 _4070
_7ca
_8rus
_aМихайлов
_bН. Н.
_cписатель, канд. геогр. наук
_f1905-1982
_gНиколай Николаевич
_3RU\NLR\AUTH\770182385
_9182334
852 _aNLR
_bОНЛ
_jЯкут./2-251
852 _aNLR
_bОНЛ
_jЯкут./2-251
942 _cBOOK
980 _aNB